000 00372nam a2200145Ia 4500
008 230917s9999||||xx |||||||||||||| ||und||
040 _e50147
_aMAIN
041 _aEnglish
082 _a320.509 R911E
100 _aRussell, Bertrand
245 0 _aFreedom and organization 1814-1914
260 _aLondon
_bGeorge Allen and Unwin
_c1964
300 _a528 p.
942 _cBK
999 _c184909
_d184909